[Event "DEM U10w 2024"]
[Site "Willingen GER"]
[Date "2024.05.22"]
[Round "7"]
[White "Xu, Dorothea Sicheng"]
[Black "Shynkar, Daria"]
[Result "0-1"]
[Termination "normal"]
[Board "1"]
[WhiteElo "1255"]
[BlackElo "1661"]
[WhiteClock "00:15:11"]
[BlackClock "00:32:05"]
[PlyCount "124"]
[WhiteFideId "34667539"]
[BlackFideId "34163212"]
[EventCountry "GER"]
[EventRounds "11"]
[EventType "swiss"]
[EventDate "2024.05.18"]

1. e4 {[%clk 01:15:58]} {[%emt 00:00:01]} c5 {[%clk 01:15:57]} {[%emt
00:00:03]} 2. Nf3 {[%clk 01:16:23]} {[%emt 00:00:06]} a6 {[%clk 01:16:23]}
{[%emt 00:00:04]} 3. c3 {[%clk 01:16:36]} {[%emt 00:00:16]} d5 {[%clk
01:16:10]} {[%emt 00:00:43]} 4. exd5 {[%clk 01:15:20]} {[%emt 00:01:45]} Qxd5
{[%clk 01:16:10]} {[%emt 00:00:31]} 5. d4 {[%clk 01:13:19]} {[%emt 00:02:31]}
Nf6 {[%clk 01:16:18]} {[%emt 00:00:22]} 6. Be2 {[%clk 01:11:59]} {[%emt
00:01:50]} e6 {[%clk 01:16:18]} {[%emt 00:00:31]} 7. O-O {[%clk 01:11:16]}
{[%emt 00:01:12]} Nc6 {[%clk 01:16:23]} {[%emt 00:00:24]} 8. Be3 {[%clk
01:09:26]} {[%emt 00:02:22]} cxd4 {[%clk 01:16:09]} {[%emt 00:00:44]} 9. Nxd4
{[%clk 01:08:13]} {[%emt 00:01:43]} Be7 {[%clk 01:11:36]} {[%emt 00:05:03]} 10.
Re1 {[%clk 01:02:58]} {[%emt 00:05:45]} O-O {[%clk 01:07:51]} {[%emt 00:04:14]}
11. Bf3 {[%clk 01:01:27]} {[%emt 00:02:01]} Qd7 {[%clk 01:06:45]} {[%emt
00:01:33]} 12. Nxc6 {[%clk 00:59:41]} {[%emt 00:02:18]} bxc6 {[%clk 01:07:02]}
{[%emt 00:00:12]} 13. Qxd7 {[%clk 00:58:42]} {[%emt 00:01:30]} Bxd7 {[%clk
01:07:24]} {[%emt 00:00:08]} 14. Nd2 {[%clk 00:57:13]} {[%emt 00:01:58]} Nd5
{[%clk 01:05:14]} {[%emt 00:02:39]} 15. Bd4 {[%clk 00:54:38]} {[%emt 00:03:06]}
f6 {[%clk 01:00:19]} {[%emt 00:05:24]} 16. Nb3 {[%clk 00:49:53]} {[%emt
00:05:15]} a5 {[%clk 00:50:05]} {[%emt 00:10:44]} 17. a4 {[%clk 00:48:03]}
{[%emt 00:02:20]} Rfb8 {[%clk 00:49:35]} {[%emt 00:01:00]} 18. Bd1 {[%clk
00:46:03]} {[%emt 00:02:29]} e5 {[%clk 00:47:06]} {[%emt 00:02:59]} 19. Be3
{[%clk 00:44:23]} {[%emt 00:02:08]} Nxe3 {[%clk 00:47:07]} {[%emt 00:00:31]}
20. Rxe3 {[%clk 00:44:43]} {[%emt 00:00:10]} Be6 {[%clk 00:47:17]} {[%emt
00:00:20]} 21. c4 {[%clk 00:40:46]} {[%emt 00:04:27]} Bxc4 {[%clk 00:45:40]}
{[%emt 00:02:07]} 22. Rc1 {[%clk 00:39:10]} {[%emt 00:02:05]} Bd5 {[%clk
00:44:37]} {[%emt 00:01:32]} 23. h3 {[%clk 00:38:15]} {[%emt 00:01:26]} Rb4
{[%clk 00:43:21]} {[%emt 00:01:41]} 24. Rcc3 {[%clk 00:35:56]} {[%emt
00:02:55]} Rxa4 {[%clk 00:40:37]} {[%emt 00:03:14]} 25. Bf3 {[%clk 00:31:01]}
{[%emt 00:05:25]} Rb8 {[%clk 00:37:32]} {[%emt 00:03:28]} 26. Bxd5+ {[%clk
00:29:42]} {[%emt 00:01:56]} cxd5 {[%clk 00:36:54]} {[%emt 00:01:08]} 27. Rcd3
{[%clk 00:28:01]} {[%emt 00:02:10]} d4 {[%clk 00:33:49]} {[%emt 00:03:36]} 28.
Re4 {[%clk 00:25:01]} {[%emt 00:03:30]} Kf7 {[%clk 00:33:14]} {[%emt 00:01:01]}
29. f3 {[%clk 00:23:38]} {[%emt 00:01:57]} Rab4 {[%clk 00:32:04]} {[%emt
00:01:39]} 30. Nxa5 {[%clk 00:23:17]} {[%emt 00:00:52]} Rxb2 {[%clk 00:31:26]}
{[%emt 00:01:08]} 31. Nc6 {[%clk 00:23:03]} {[%emt 00:00:44]} Rb1+ {[%clk
00:30:17]} {[%emt 00:01:39]} 32. Kf2 {[%clk 00:22:43]} {[%emt 00:00:50]} R8b2+
{[%clk 00:30:12]} {[%emt 00:00:35]} 33. Kg3 {[%clk 00:22:26]} {[%emt 00:00:47]}
Rg1 {[%clk 00:30:26]} {[%emt 00:00:12]} 34. f4 {[%clk 00:21:02]} {[%emt
00:01:58]} Rbxg2+ {[%clk 00:28:42]} {[%emt 00:02:14]} 35. Kf3 {[%clk 00:19:09]}
{[%emt 00:02:22]} Rg3+ {[%clk 00:28:35]} {[%emt 00:00:36]} 36. Kf2 {[%clk
00:19:00]} {[%emt 00:00:39]} Rxd3 {[%clk 00:26:04]} {[%emt 00:03:01]} 37. Kxg1
{[%clk 00:19:19]} {[%emt 00:00:10]} Re3 {[%clk 00:25:52]} {[%emt 00:00:43]} 38.
Rxe3 {[%clk 00:19:10]} {[%emt 00:00:40]} dxe3 {[%clk 00:26:17]} {[%emt
00:00:05]} 39. fxe5 {[%clk 00:19:00]} {[%emt 00:00:40]} fxe5 {[%clk 00:26:42]}
{[%emt 00:00:05]} 40. Nxe5+ {[%clk 00:19:18]} {[%emt 00:00:12]} Ke6 {[%clk
00:27:00]} {[%emt 00:00:08]} 41. Ng4 {[%clk 00:18:56]} {[%emt 00:00:56]} Bc5
{[%clk 00:26:59]} {[%emt 00:00:32]} 42. Nh2 {[%clk 00:14:14]} {[%emt 00:05:11]}
Kf5 {[%clk 00:26:33]} {[%emt 00:00:52]} 43. Nf3 {[%clk 00:14:15]} {[%emt
00:00:33]} e2+ {[%clk 00:26:00]} {[%emt 00:00:53]} 44. Kg2 {[%clk 00:13:54]}
{[%emt 00:01:01]} Ke4 {[%clk 00:25:58]} {[%emt 00:00:29]} 45. Ne1 {[%clk
00:12:33]} {[%emt 00:01:55]} Bb4 {[%clk 00:25:59]} {[%emt 00:00:26]} 46. Kf2
{[%clk 00:12:23]} {[%emt 00:00:41]} Bxe1+ {[%clk 00:26:25]} {[%emt 00:00:05]}
47. Kxe1 {[%clk 00:12:32]} {[%emt 00:00:20]} Kf3 {[%clk 00:26:49]} {[%emt
00:00:07]} 48. h4 {[%clk 00:12:52]} {[%emt 00:00:11]} h5 {[%clk 00:27:14]}
{[%emt 00:00:05]} 49. Kd2 {[%clk 00:12:42]} {[%emt 00:00:40]} Kf2 {[%clk
00:27:40]} {[%emt 00:00:03]} 50. Kd3 {[%clk 00:13:01]} {[%emt 00:00:12]} e1=Q
{[%clk 00:28:02]} {[%emt 00:00:08]} 51. Kd4 {[%clk 00:12:51]} {[%emt 00:00:40]}
Qe6 {[%clk 00:28:17]} {[%emt 00:00:13]} 52. Kc5 {[%clk 00:12:58]} {[%emt
00:00:25]} Qd7 {[%clk 00:28:37]} {[%emt 00:00:06]} 53. Kc4 {[%clk 00:13:18]}
{[%emt 00:00:15]} Ke3 {[%clk 00:28:56]} {[%emt 00:00:07]} 54. Kc5 {[%clk
00:13:43]} {[%emt 00:00:08]} Ke4 {[%clk 00:29:15]} {[%emt 00:00:11]} 55. Kc4
{[%clk 00:13:34]} {[%emt 00:00:38]} Qd4+ {[%clk 00:29:41]} {[%emt 00:00:06]}
56. Kb5 {[%clk 00:13:55]} {[%emt 00:00:09]} Qc3 {[%clk 00:30:01]} {[%emt
00:00:08]} 57. Kb6 {[%clk 00:14:18]} {[%emt 00:00:08]} Kd5 {[%clk 00:30:22]}
{[%emt 00:00:08]} 58. Kb5 {[%clk 00:14:10]} {[%emt 00:00:40]} Qc5+ {[%clk
00:30:45]} {[%emt 00:00:06]} 59. Ka4 {[%clk 00:14:26]} {[%emt 00:00:14]} Qb6
{[%clk 00:31:11]} {[%emt 00:00:04]} 60. Ka3 {[%clk 00:14:44]} {[%emt 00:00:12]}
Kc4 {[%clk 00:31:32]} {[%emt 00:00:08]} 61. Ka2 {[%clk 00:14:58]} {[%emt
00:00:17]} Kc3 {[%clk 00:31:43]} {[%emt 00:00:18]} 62. Ka1 {[%clk 00:15:11]}
{[%emt 00:00:18]} Qb2# {[%clk 00:32:05]} {[%emt 00:00:07]} 0-1

[Event "DEM U10w 2024"]
[Site "Willingen GER"]
[Date "2024.05.22"]
[Round "7"]
[White "Elsayed Esam, Sally"]
[Black "Tu, Tiffany"]
[Result "0-1"]
[Termination "normal"]
[Board "2"]
[WhiteElo "1584"]
[BlackElo "1618"]
[WhiteClock "00:00:45"]
[BlackClock "00:11:56"]
[PlyCount "72"]
[WhiteFideId "34662170"]
[BlackFideId "34628576"]
[EventCountry "GER"]
[EventRounds "11"]
[EventType "swiss"]
[EventDate "2024.05.18"]

1. d4 {[%clk 01:15:56]} {[%emt 00:00:03]} d5 {[%clk 01:15:59]} {[%emt
00:00:02]} 2. Bf4 {[%clk 01:16:14]} {[%emt 00:00:12]} e6 {[%clk 01:16:26]}
{[%emt 00:00:03]} 3. Nc3 {[%clk 01:16:20]} {[%emt 00:00:25]} Bd6 {[%clk
01:16:23]} {[%emt 00:00:32]} 4. Bg3 {[%clk 01:16:09]} {[%emt 00:00:41]} c6
{[%clk 01:16:35]} {[%emt 00:00:18]} 5. Nf3 {[%clk 01:16:26]} {[%emt 00:00:12]}
f5 {[%clk 01:16:53]} {[%emt 00:00:12]} 6. e3 {[%clk 01:15:38]} {[%emt
00:01:17]} Nf6 {[%clk 01:17:11]} {[%emt 00:00:13]} 7. Bd3 {[%clk 01:12:20]}
{[%emt 00:03:49]} O-O {[%clk 01:16:52]} {[%emt 00:00:48]} 8. O-O {[%clk
01:12:17]} {[%emt 00:00:33]} Bxg3 {[%clk 01:16:46]} {[%emt 00:00:36]} 9. hxg3
{[%clk 01:12:34]} {[%emt 00:00:13]} Nbd7 {[%clk 01:15:14]} {[%emt 00:02:03]}
10. Ne2 {[%clk 01:04:55]} {[%emt 00:08:08]} Ne4 {[%clk 01:13:54]} {[%emt
00:01:50]} 11. Bxe4 {[%emt 00:03:26]} dxe4 {[%clk 01:12:36]} {[%emt 00:00:08]}
12. Nd2 {[%clk 01:02:27]} {[%emt 00:01:42]} Qg5 {[%clk 01:10:54]} {[%emt
00:02:12]} 13. Nf4 {[%clk 01:01:02]} {[%emt 00:01:54]} Nf6 {[%clk 01:10:52]}
{[%emt 00:00:33]} 14. c4 {[%clk 00:55:20]} {[%emt 00:06:12]} Ng4 {[%clk
01:03:58]} {[%emt 00:07:24]} 15. c5 {[%clk 00:47:47]} {[%emt 00:08:03]} Rf6
{[%clk 01:01:29]} {[%emt 00:02:57]} 16. Nc4 {[%clk 00:42:28]} {[%emt 00:05:51]}
Qh6 {[%clk 01:00:08]} {[%emt 00:01:51]} 17. Nh3 {[%clk 00:42:36]} {[%emt
00:00:22]} Qh5 {[%clk 00:53:33]} {[%emt 00:07:03]} 18. Ne5 {[%clk 00:33:50]}
{[%emt 00:09:17]} Rh6 {[%clk 00:51:37]} {[%emt 00:02:25]} 19. f3 {[%clk
00:30:16]} {[%emt 00:04:07]} Nxe3 {[%clk 00:50:52]} {[%emt 00:01:14]} 20. Qd2
{[%clk 00:22:58]} {[%emt 00:07:47]} Nxf1 {[%clk 00:49:41]} {[%emt 00:01:43]}
21. Rxf1 {[%emt 00:01:20]} exf3 {[%emt 00:00:02]} 22. Rxf3 {[%clk 00:20:28]}
{[%emt 00:01:37]} b6 {[%clk 00:37:52]} {[%emt 00:12:20]} 23. b4 {[%clk
00:14:36]} {[%emt 00:06:20]} Ba6 {[%clk 00:34:05]} {[%emt 00:04:18]} 24. a4
{[%clk 00:10:45]} {[%emt 00:04:22]} Rc8 {[%clk 00:30:26]} {[%emt 00:04:09]} 25.
Qa2 {[%clk 00:07:20]} {[%emt 00:03:55]} g5 {[%clk 00:27:06]} {[%emt 00:03:50]}
26. Rxf5 {[%clk 00:03:42]} {[%emt 00:04:08]} Qd1+ {[%clk 00:25:33]} {[%emt
00:02:02]} 27. Kh2 {[%clk 00:01:17]} {[%emt 00:02:53]} Qxd4 {[%clk 00:20:39]}
{[%emt 00:05:26]} 28. Rxg5+ {[%clk 00:01:29]} {[%emt 00:00:19]} Kf8 {[%clk
00:20:55]} {[%emt 00:00:14]} 29. Qb1 {[%clk 00:00:36]} {[%emt 00:01:23]} Qd2
{[%clk 00:18:46]} {[%emt 00:02:39]} 30. Rg4 {[%clk 00:00:40]} {[%emt 00:00:25]}
Be2 {[%clk 00:16:46]} {[%emt 00:02:31]} 31. Re4 {[%clk 00:00:48]} {[%emt
00:00:20]} Kg7 {[%clk 00:14:11]} {[%emt 00:03:07]} 32. Qa1 {[%clk 00:00:50]}
{[%emt 00:00:27]} Kg8 {[%clk 00:13:59]} {[%emt 00:00:43]} 33. Qb1 {[%clk
00:00:44]} {[%emt 00:00:36]} Rf8 {[%clk 00:12:04]} {[%emt 00:02:20]} 34. Qa1
{[%clk 00:00:35]} {[%emt 00:00:44]} Rf1 {[%clk 00:11:19]} {[%emt 00:01:15]} 35.
Qa3 {[%clk 00:00:34]} {[%emt 00:00:30]} Rxh3+ {[%clk 00:11:33]} {[%emt
00:00:17]} 36. Kxh3 {[%clk 00:00:45]} {[%emt 00:00:19]} Rh1# {[%clk 00:11:56]}
{[%emt 00:00:07]} 0-1

[Event "DEM U10w 2024"]
[Site "Willingen GER"]
[Date "2024.05.22"]
[Round "7"]
[White "Mandziuk, Varvara"]
[Black "Lukas, Olivia"]
[Result "0-1"]
[Termination "normal"]
[Board "3"]
[WhiteElo "1146"]
[BlackElo "1569"]
[WhiteClock "00:27:03"]
[BlackClock "00:53:10"]
[PlyCount "90"]
[WhiteFideId "34638016"]
[BlackFideId "34632239"]
[EventCountry "GER"]
[EventRounds "11"]
[EventType "swiss"]
[EventDate "2024.05.18"]

1. e4 {[%clk 01:15:59]} e5 {[%clk 01:15:44]} {[%emt 00:00:17]} 2. Nf3 {[%clk
01:16:20]} {[%emt 00:00:09]} Nc6 {[%clk 01:16:11]} {[%emt 00:00:03]} 3. Bc4
{[%clk 01:16:41]} {[%emt 00:00:09]} Bc5 {[%clk 01:16:25]} {[%emt 00:00:15]} 4.
c3 {[%clk 01:17:03]} {[%emt 00:00:08]} Nf6 {[%clk 01:16:47]} {[%emt 00:00:08]}
5. d4 {[%clk 01:17:23]} {[%emt 00:00:10]} exd4 {[%clk 01:17:12]} {[%emt
00:00:05]} 6. e5 {[%clk 01:17:29]} {[%emt 00:00:24]} d5 {[%clk 01:17:31]}
{[%emt 00:00:11]} 7. Bb5 {[%clk 01:17:49]} {[%emt 00:00:10]} Ne4 {[%clk
01:17:36]} {[%emt 00:00:25]} 8. cxd4 {[%clk 01:17:58]} {[%emt 00:00:21]} Bb4+
{[%clk 01:17:26]} {[%emt 00:00:41]} 9. Bd2 {[%clk 01:17:17]} {[%emt 00:01:11]}
Nxd2 {[%clk 01:17:43]} {[%emt 00:00:13]} 10. Nbxd2 {[%clk 01:17:38]} {[%emt
00:00:09]} Bg4 {[%clk 01:16:51]} {[%emt 00:01:22]} 11. O-O {[%clk 01:15:46]}
{[%emt 00:02:22]} O-O {[%clk 01:12:41]} {[%emt 00:04:39]} 12. Nb3 {[%clk
01:13:12]} {[%emt 00:03:05]} a6 {[%clk 01:10:28]} {[%emt 00:02:43]} 13. Bd3
{[%clk 01:11:34]} {[%emt 00:02:07]} a5 {[%clk 01:09:39]} {[%emt 00:01:19]} 14.
a4 {[%clk 01:07:43]} {[%emt 00:04:21]} Be7 {[%clk 01:05:51]} {[%emt 00:04:18]}
15. h3 {[%clk 01:06:57]} {[%emt 00:01:17]} Bh5 {[%clk 01:05:47]} {[%emt
00:00:33]} 16. Re1 {[%clk 01:05:11]} {[%emt 00:02:10]} Nb4 {[%clk 01:05:13]}
{[%emt 00:01:09]} 17. Be2 {[%clk 01:04:15]} {[%emt 00:01:26]} Bg6 {[%clk
01:04:34]} {[%emt 00:01:08]} 18. Qd2 {[%clk 00:58:43]} {[%emt 00:06:03]} Nc2
{[%clk 01:03:57]} {[%emt 00:01:07]} 19. Rec1 {[%clk 00:57:44]} {[%emt
00:01:29]} Nxa1 {[%clk 01:04:03]} {[%emt 00:00:25]} 20. Nxa1 {[%clk 00:56:51]}
{[%emt 00:01:23]} Bb4 {[%emt 00:01:50]} 21. Qf4 {[%clk 00:55:47]} {[%emt
00:00:17]} c6 {[%clk 01:04:12]} {[%emt 00:00:18]} 22. Qg3 {[%clk 00:53:24]}
{[%emt 00:02:46]} f6 {[%clk 01:02:51]} {[%emt 00:01:57]} 23. Nc2 {[%clk
00:51:36]} {[%emt 00:02:18]} Be7 {[%clk 01:02:37]} {[%emt 00:00:44]} 24. Ne3
{[%clk 00:51:19]} {[%emt 00:00:47]} fxe5 {[%emt 00:05:57]} 25. dxe5 {[%clk
00:46:40]} {[%emt 00:00:24]} d4 {[%clk 01:00:58]} {[%emt 00:01:26]} 26. Rd1
{[%clk 00:46:03]} {[%emt 00:01:08]} c5 {[%clk 01:00:47]} {[%emt 00:00:41]} 27.
Bd3 {[%clk 00:43:31]} {[%emt 00:03:01]} Bxd3 {[%clk 01:00:48]} {[%emt
00:00:29]} 28. Rxd3 {[%clk 00:43:39]} {[%emt 00:00:23]} Qb6 {[%clk 01:00:52]}
{[%emt 00:00:25]} 29. Nd5 {[%clk 00:43:32]} {[%emt 00:00:37]} Qd8 {[%clk
01:00:36]} {[%emt 00:00:46]} 30. Nxe7+ {[%clk 00:43:44]} {[%emt 00:00:18]} Qxe7
{[%clk 01:00:36]} {[%emt 00:00:30]} 31. h4 {[%clk 00:43:44]} {[%emt 00:00:30]}
Rab8 {[%clk 01:00:09]} {[%emt 00:00:57]} 32. Rd2 {[%clk 00:43:09]} {[%emt
00:01:05]} b5 {[%clk 01:00:16]} {[%emt 00:00:24]} 33. axb5 {[%clk 00:40:01]}
{[%emt 00:03:37]} Rxb5 {[%clk 00:57:17]} {[%emt 00:03:29]} 34. Re2 {[%clk
00:38:34]} {[%emt 00:01:57]} d3 {[%clk 00:57:08]} {[%emt 00:00:39]} 35. Re3
{[%clk 00:38:34]} {[%emt 00:00:28]} c4 {[%clk 00:57:16]} {[%emt 00:00:25]} 36.
Re4 {[%clk 00:36:48]} {[%emt 00:02:16]} Rc8 {[%clk 00:56:32]} {[%emt 00:01:14]}
37. Rg4 {[%clk 00:36:04]} {[%emt 00:01:12]} Rxb2 {[%clk 00:56:19]} {[%emt
00:00:44]} 38. h5 {[%clk 00:34:55]} {[%emt 00:01:39]} d2 {[%clk 00:56:19]}
{[%emt 00:00:30]} 39. Nxd2 {[%clk 00:34:57]} {[%emt 00:00:28]} Rxd2 {[%clk
00:56:38]} {[%emt 00:00:12]} 40. h6 {[%clk 00:35:19]} {[%emt 00:00:08]} g6
{[%clk 00:56:52]} {[%emt 00:00:16]} 41. f4 {[%clk 00:33:17]} {[%emt 00:02:31]}
Rd3 {[%emt 00:03:55]} 42. Qf2 {[%clk 00:30:56]} {[%emt 00:01:09]} c3 {[%clk
00:53:44]} {[%emt 00:01:56]} 43. f5 {[%clk 00:29:34]} {[%emt 00:01:52]} c2
{[%clk 00:52:55]} {[%emt 00:01:19]} 44. fxg6 {[%clk 00:26:42]} {[%emt
00:03:21]} c1=Q+ {[%clk 00:52:57]} {[%emt 00:00:27]} 45. Kh2 {[%clk 00:27:03]}
{[%emt 00:00:09]} Qxh6+ {[%clk 00:53:10]} {[%emt 00:00:16]} 0-1

[Event "DEM U10w 2024"]
[Site "Willingen GER"]
[Date "2024.05.22"]
[Round "7"]
[White "Artemenko, Isabella"]
[Black "Müller, Greta Waltraud"]
[Result "1-0"]
[Termination "normal"]
[Board "4"]
[WhiteElo "1237"]
[BlackElo "1224"]
[WhiteClock "01:36:52"]
[BlackClock "00:39:44"]
[PlyCount "119"]
[WhiteFideId "34639616"]
[EventCountry "GER"]
[EventRounds "11"]
[EventType "swiss"]
[EventDate "2024.05.18"]

1. e4 {[%clk 01:15:57]} {[%emt 00:00:02]} e5 {[%clk 01:15:53]} {[%emt
00:00:07]} 2. Nf3 {[%clk 01:16:24]} {[%emt 00:00:04]} Nc6 {[%clk 01:16:13]}
{[%emt 00:00:10]} 3. Bc4 {[%clk 01:16:48]} {[%emt 00:00:06]} Bc5 {[%clk
01:16:16]} {[%emt 00:00:17]} 4. O-O {[%clk 01:17:10]} {[%emt 00:00:17]} Nf6
{[%clk 01:16:30]} {[%emt 00:00:16]} 5. d4 {[%clk 01:16:58]} {[%emt 00:00:42]}
exd4 {[%clk 01:16:02]} {[%emt 00:00:58]} 6. e5 {[%clk 01:17:23]} {[%emt
00:00:05]} d5 {[%clk 01:15:44]} {[%emt 00:00:46]} 7. exf6 {[%clk 01:17:49]}
{[%emt 00:00:05]} dxc4 {[%clk 01:16:05]} {[%emt 00:00:10]} 8. fxg7 {[%clk
01:18:12]} {[%emt 00:00:06]} Rg8 {[%clk 01:16:24]} {[%emt 00:00:10]} 9. Re1+
{[%clk 01:18:34]} {[%emt 00:00:09]} Be6 {[%clk 01:15:51]} {[%emt 00:01:03]} 10.
Ng5 {[%clk 01:18:54]} {[%emt 00:00:10]} Qf6 {[%clk 01:13:46]} {[%emt 00:02:35]}
11. Nxe6 {[%clk 01:19:16]} {[%emt 00:00:08]} fxe6 {[%clk 01:13:41]} {[%emt
00:00:35]} 12. Qh5+ {[%clk 01:19:36]} {[%emt 00:00:08]} Kd7 {[%clk 01:11:54]}
{[%emt 00:02:19]} 13. Qxc5 {[%clk 01:20:00]} {[%emt 00:00:06]} Qxg7 {[%clk
01:11:34]} {[%emt 00:00:50]} 14. g3 {[%clk 01:20:21]} {[%emt 00:00:10]} b6
{[%clk 01:06:50]} {[%emt 00:05:14]} 15. Qxc4 {[%clk 01:20:35]} {[%emt
00:00:14]} Ne5 {[%clk 01:05:08]} {[%emt 00:02:43]} 16. Qxd4+ {[%clk 01:21:28]}
{[%emt 00:00:07]} Ke7 {[%clk 01:04:40]} {[%emt 00:00:57]} 17. Qxe5 {[%clk
01:21:51]} {[%emt 00:00:08]} Qxe5 {[%clk 01:04:45]} {[%emt 00:00:26]} 18. Rxe5
{[%clk 01:22:16]} {[%emt 00:00:05]} h6 {[%clk 01:03:47]} {[%emt 00:01:27]} 19.
Bxh6 {[%clk 01:22:39]} {[%emt 00:00:07]} Kd6 {[%clk 01:00:51]} {[%emt
00:03:26]} 20. Re1 {[%clk 01:22:18]} {[%emt 00:00:51]} Rg6 {[%clk 00:59:14]}
{[%emt 00:02:06]} 21. Bf4+ {[%clk 01:22:42]} {[%emt 00:00:08]} Kc6 {[%clk
00:59:13]} {[%emt 00:00:29]} 22. Nc3 {[%clk 01:22:42]} {[%emt 00:00:31]} Kb7
{[%clk 00:58:29]} {[%emt 00:01:14]} 23. Re2 {[%clk 01:23:07]} {[%emt 00:00:06]}
Rd8 {[%clk 00:58:18]} {[%emt 00:00:38]} 24. Rd1 {[%clk 01:23:29]} {[%emt
00:00:10]} Rxd1+ {[%clk 00:58:02]} {[%emt 00:00:45]} 25. Nxd1 {[%clk 01:23:55]}
{[%emt 00:00:05]} Rf6 {[%clk 00:57:23]} {[%emt 00:01:09]} 26. Nc3 {[%clk
01:24:15]} {[%emt 00:00:10]} a5 {[%clk 00:55:53]} {[%emt 00:01:58]} 27. h4
{[%clk 01:24:39]} {[%emt 00:00:07]} c5 {[%clk 00:53:59]} {[%emt 00:02:24]} 28.
Kg2 {[%clk 01:25:05]} {[%emt 00:00:04]} Kc8 {[%clk 00:54:00]} {[%emt 00:00:27]}
29. Re1 {[%clk 01:25:31]} {[%emt 00:00:06]} Kd8 {[%clk 00:54:18]} {[%emt
00:00:12]} 30. Bg5 {[%clk 01:25:57]} {[%emt 00:00:04]} Ke7 {[%clk 00:53:05]}
{[%emt 00:01:43]} 31. Ne4 {[%clk 01:26:14]} {[%emt 00:00:13]} Kf7 {[%clk
00:53:10]} {[%emt 00:00:25]} 32. Nxf6 {[%clk 01:26:38]} {[%emt 00:00:07]} c4
{[%clk 00:50:51]} {[%emt 00:02:49]} 33. Ne4 {[%clk 01:27:02]} {[%emt 00:00:07]}
e5 {[%clk 00:47:55]} {[%emt 00:03:26]} 34. Nd6+ {[%clk 01:27:28]} {[%emt
00:00:04]} Ke6 {[%clk 00:46:37]} {[%emt 00:01:48]} 35. Nxc4 {[%clk 01:27:52]}
{[%emt 00:00:06]} Kd5 {[%clk 00:44:46]} {[%emt 00:02:21]} 36. Nxb6+ {[%clk
01:27:51]} {[%emt 00:00:31]} Ke6 {[%clk 00:43:36]} {[%emt 00:01:42]} 37. Nc4
{[%clk 01:28:13]} {[%emt 00:00:07]} a4 {[%clk 00:43:54]} {[%emt 00:00:12]} 38.
Rxe5+ {[%clk 01:28:38]} {[%emt 00:00:05]} Kd7 {[%clk 00:41:08]} {[%emt
00:03:14]} 39. Ra5 {[%clk 01:28:28]} {[%emt 00:00:42]} a3 {[%clk 00:40:39]}
{[%emt 00:01:00]} 40. Rxa3 {[%clk 01:28:53]} {[%emt 00:00:04]} Ke6 {[%clk
00:40:36]} {[%emt 00:00:32]} 41. Bc1 {[%clk 01:29:18]} {[%emt 00:00:06]} Kd5
{[%clk 00:40:26]} {[%emt 00:00:40]} 42. Nd2 {[%clk 01:29:41]} {[%emt 00:00:08]}
Kd6 {[%clk 00:40:48]} {[%emt 00:00:07]} 43. Ra5 {[%clk 01:30:06]} {[%emt
00:00:05]} Ke6 {[%clk 00:41:01]} {[%emt 00:00:16]} 44. h5 {[%clk 01:30:31]}
{[%emt 00:00:05]} Kf7 {[%clk 00:41:22]} {[%emt 00:00:08]} 45. Ra6 {[%clk
01:30:59]} {[%emt 00:00:04]} Kg7 {[%clk 00:41:45]} {[%emt 00:00:05]} 46. a3
{[%clk 01:31:23]} {[%emt 00:00:09]} Kh7 {[%clk 00:40:53]} {[%emt 00:01:20]} 47.
Kf3 {[%clk 01:31:43]} {[%emt 00:00:11]} Kg7 {[%clk 00:41:11]} {[%emt 00:00:12]}
48. Kf4 {[%clk 01:32:09]} {[%emt 00:00:04]} Kh7 {[%clk 00:41:33]} {[%emt
00:00:08]} 49. Kg5 {[%clk 01:32:35]} {[%emt 00:00:05]} Kg7 {[%clk 00:41:54]}
{[%emt 00:00:09]} 50. Ra7+ {[%clk 01:33:01]} {[%emt 00:00:04]} Kg8 {[%clk
00:42:10]} {[%emt 00:00:14]} 51. Kg6 {[%clk 01:33:28]} {[%emt 00:00:04]} Kf8
{[%clk 00:41:06]} {[%emt 00:01:31]} 52. a4 {[%clk 01:33:53]} {[%emt 00:00:08]}
Ke8 {[%clk 00:41:28]} {[%emt 00:00:06]} 53. Kf6 {[%clk 01:34:20]} {[%emt
00:00:04]} Kd8 {[%clk 00:41:49]} {[%emt 00:00:09]} 54. Ke6 {[%clk 01:34:46]}
{[%emt 00:00:03]} Kc8 {[%clk 00:42:11]} {[%emt 00:00:09]} 55. Kd6 {[%clk
01:35:12]} {[%emt 00:00:04]} Kb8 {[%clk 00:42:32]} {[%emt 00:00:08]} 56. Rh7
{[%clk 01:35:38]} {[%emt 00:00:05]} Ka8 {[%clk 00:42:50]} {[%emt 00:00:12]} 57.
Kc6 {[%clk 01:36:03]} {[%emt 00:00:05]} Kb8 {[%clk 00:43:07]} {[%emt 00:00:11]}
58. a5 {[%clk 01:36:28]} {[%emt 00:00:08]} Ka8 {[%clk 00:43:28]} {[%emt
00:00:08]} 59. Kb6 {[%clk 01:36:52]} {[%emt 00:00:05]} Kb8 {[%clk 00:39:44]}
{[%emt 00:04:14]} 60. Rh8# {[%emt 00:00:05]} 1-0